000 00677nac a22001931u 4500
020 _a812032644X
082 0 0 _a658.5
_bMUK
090 _c6580
_d6580
100 _aMukhopadhyay, S. K.
245 1 0 _aProduction planning and control :
_cS. K. Mukhopadhyay
_bText and cases
260 _aNew Delhi:
_bPrentice-Hall of India,2004
_c2004
300 _a313 p. :
_bill. ;
_c27 cm.
500 _adistributer: Al-Ahram
511 _acatalogued by: Wessam
650 0 _aProduction control.
650 0 _aProduction planning.
942 _cBB
_k658.5MUK
999 _c6580
_d6580